000 01227nam a2200301 a 4500
001 000013939
003 DO-SdBNP
005 20240927073747.0
007 ta
008 091202s1941 ck ac 000 0bspa d
040 _aDO-SdBNP
_bspa
_cBNPHU
082 4 _a928.61
_bB171a
_222
100 1 _a Balaguer, Joaquín,
_d1906-2002
_976556
245 1 0 _aAzul en los charcos /
_cJoaquín Balaguer.
260 _aBogotá, colombia :
_bSelecta,
_c1941.
300 _a163 p. :
_bil., retrs. ;
_c19 cm.
500 _aIncluye referencias bibliográficas y notas al pie de las páginas
505 0 _aFederico Bermúdez -- Apolinar Perdomo -- Juan Antonio Alix -- El centenario de Hostos.
590 _aInventariado, 2020/MFF
600 1 0 _a Bermúdez, Federico,
_d1884-1921
_xCrítica e interpretación
_923672
600 1 0 _a Perdomo, Apolinar,
_d1889-1918
_xCrítica e interpretación
_931593
600 1 4 _aAlix, Juan Antonio ,
_d1833-1917
_xCrítica e interpretación
_931594
600 1 0 _aHostos, Eugenio Maria de,
_d1839-1903
_xCritica e interpretación
_931595
650 1 4 _aLiteatura dominicana
_xHistoria y crítica
_931596
650 1 0 _aEnsayos dominicanos
_965
910 _aValidado. Control de calidad MFF
942 _2ddc
_cLBS1
999 _c13544
_d13544